| 000 | 00417nam a2200145 a 4500 | ||
|---|---|---|---|
| 001 | 4272 | ||
| 003 | CDMR | ||
| 005 | 20130301114652.0 | ||
| 008 | 130130s1975||||||||||||||||||||||||||||d | ||
| 040 |
_aCDMR _bcat _cCDMR |
||
| 100 | 1 |
_93025 _aRueda, Jorge _d1943-2011 |
|
| 245 | 1 | 0 |
_aCuatro años de fotografía _cdirección artística, selección y textos de Jorge Rueda |
| 260 |
_aMadrid _c1975 _bNueva Lente |
||
| 942 |
_cMON _2udc |
||
| 999 |
_c4272 _d4272 |
||